[Event "Olympiad Women 2024"]
[Site "Budapest HUN"]
[Date "2024.09.14"]
[Round "4.41"]
[Board "2"]
[White "Thornton, Filipina"]
[Black "Miranda Rodriguez, Tania"]
[Result "0-1"]
[WhiteElo "1768"]
[BlackElo "2090"]
[PlyCount "144"]
[EventDate "2024.09.11"]
[WhiteTeam "Malta"]
[BlackTeam "Mexico"]
[WhiteTeamCountry "MLT"]
[BlackTeamCountry "MEX"]

1. d4 {ChessBase} Nf6 2. c4 e6 3. Nc3 Bb4 4. e3 O-O 5. Bd3 d5 6. a3 Bxc3+ 7. bxc3 c5 8. Ne2 b6 9. cxd5 exd5 10. O-O Ba6 11. Bc2 ({RR} 11. f3) ({RR} 11. dxc5 bxc5 12. Bxa6 Nxa6 13. c4 dxc4 14. Bb2 Ne4 15. Qa4 Qd2 16. Bxg7 Kxg7 17. Qxc4 Rad8 18. Nf4 Rfe8 19. Qxa6 Qd6 20. Qxa7 Qe5 21. Rac1 Rd2 22. f3 Nc3 23. Rce1 Rb8 24. Kh1 Rbb2 {½-½ Jobava,B (2715)-Naiditsch,A (2686) Poikovsky Karpov 11th 2010 (8)}) 11... Qc7 $146 ({RR} 11... Nc6 12. Re1 ({RR} 12. f3) 12... Re8 13. f3 Rc8 14. dxc5 ({RR} 14. Ng3 cxd4 15. cxd4 Nxd4 16. Bxh7+ Nxh7 17. Qxd4 Rc4 18. Qb2) 14... bxc5 15. Ng3 d4 16. exd4 cxd4 17. Rxe8+ Qxe8 18. cxd4 Nxd4 19. Ba4 ({RR} 19. Bd3 Bxd3 20. Qxd3 Qe1+ 21. Qf1 Qxf1+ 22. Kxf1 Nb3) 19... Qe5 20. Rb1 Nd5 21. Bb2 Nc3 22. Bxc3 Rxc3 23. Kh1 ({RR} 23. Ne4) 23... h5 24. Bd7 Rd3 ({RR} 24... h4 25. Nf1 ({RR} 25. Ne4 Be2) 25... Ne2 26. Bh3 Bd3 27. Ra1 Nf4) 25. Qa4 Bb7 26. Ne4 {0-1 Stahlberg,G-Keres,P Bad Nauheim Olympia Trainingsturnier 1936 (9)} ({RR} 26. Qc4 Rxa3 ({RR} 26... Re3 27. Rxb7 Re1+ 28. Nf1 Ne2 29. Qc8+ Kh7 30. Bf5+ Kh6 31. Qh8+ Kg5 32. h4+ Kf4 33. Rb4+ Kxf5 34. Qxh5+ Kf6 35. Qxe5+ Kxe5 36. Kh2) ({RR} 26... Rb3 27. Rxb3 Nxb3) 27. Rxb7 Ra1+ 28. Nf1 Qd5 ({RR} 28... Ne2 29. Qc8+ Kh7 30. Bf5+) 29. Rb8+ Kh7 30. Qd3+ g6 31. g4 Qxd7)) ({RR} 11... Nc6 12. f3 Re8 13. Re1 Rc8 14. Ra2 Na5 15. Ng3 cxd4 16. cxd4 Qc7 17. e4 dxe4 18. fxe4 Rcd8 19. e5 Qc4 20. exf6 Qxa2 21. Rxe8+ Rxe8 22. Nf5 Qe6 23. Ne7+ Kh8 24. fxg7+ Kxg7 25. Nf5+ Kh8 26. Be3 {0-1 Ambartsumova,K (2404)-Radzimski,A (2038) Titled Tue 23rd Jul Early 2024 (6)}) ({RR} 11... Nc6 12. Re1 Ne4 13. f3 Bxe2 14. Qxe2 Nd6 15. a4 cxd4 16. cxd4 Re8 17. Bxh7+ Kxh7 18. Qc2+ Kg8 19. Qxc6 Nc4 20. Qb5 Qh4 21. g3 Qh5 22. Kg2 Rac8 23. Ra2 Qf5 24. e4 Qe6 25. Rae2 Nd6 26. Qd3 {1-0 Goncalves,I (2100)-Cruz,A (1838) BRA-ch U20 Sao Paulo 2012 (2)}) ({RR} 11... Nbd7 12. Re1 Re8 13. f3 Qc7 14. Qd2 Rac8 15. Bb1 Re7 16. Bb2 Nb8 17. Ng3 Rce8 18. e4 dxe4 19. fxe4 Nfd7 20. Ba2 Nf8 21. Rad1 Nc6 22. Qf2 Na5 23. Bb1 Ng6 24. Nf5 Rd7 25. e5 Nc4 26. Bc1 {1-0 Gawronski,M (2155)-Nowak,R (2105) POL-chT 2nd League South 1998}) 12. Re1 Nc6 13. Ng3 Rfd8 14. Bd2 Na5 15. e4 dxe4 16. Bg5 Bb7 17. Bxf6 gxf6 18. Qg4+ Kh8 19. Qf5 Rd6 20. Nxe4 Qc6 21. f3 Rd5 22. Qh3 f5 23. Ng5 Qg6 24. f4 cxd4 25. Re7 Rf8 26. Rae1 d3 27. Bxd3 Rxd3 28. Qxd3 h6 29. Qh3 Kg8 30. Nf3 Be4 31. Ne5 Qd6 32. Rd7 Qc5+ 33. Kh1 Qf2 34. Qg3+ Qxg3 35. hxg3 f6 36. Ng4 h5 37. Nf2 Re8 38. Nxe4 fxe4 39. Rxa7 f5 40. Rd1 e3 41. Re1 Nc4 42. Rd7 Ra8 43. Ra1 Nd2 44. Rb7 Ne4 45. Kh2 e2 46. Rxb6 Rxa3 47. Rbb1 Rxc3 48. Rb7 Rc8 49. Rb2 Nc3 50. Kg1 Rd8 51. Re1 Rd3 52. Rb3 Rd8 53. Rb2 Rd3 54. Rb3 Rxg3 55. Kf2 Ne4+ 56. Kxe2 Rxb3 57. Ra1 Rb2+ 58. Kf3 Rf2+ 59. Ke3 Rxg2 60. Ra5 Nd6 61. Rd5 Rg6 62. Kf3 Kf7 63. Rd1 h4 64. Rh1 Rg3+ 65. Ke2 h3 66. Kf1 Kg6 67. Rg1 Rxg1+ 68. Kxg1 Kh5 69. Kh2 Kg4 70. Kh1 Kg3 71. Kg1 Ne4 72. Kh1 Nf2+ 0-1

[Event "Olympiad Women 2024"]
[Site "Budapest HUN"]
[Date "2024.09.14"]
[Round "4.41"]
[Board "3"]
[White "Padilla Garcia, Cecilia Xasive"]
[Black "Farrugia, Jamie"]
[Result "1-0"]
[WhiteElo "1954"]
[BlackElo "1733"]
[PlyCount "115"]
[EventDate "2024.09.11"]
[WhiteTeam "Mexico"]
[BlackTeam "Malta"]
[WhiteTeamCountry "MEX"]
[BlackTeamCountry "MLT"]

1. e4 e5 2. Nf3 Nc6 3. Nc3 Bc5 4. Nxe5 Nxe5 5. d4 Bxd4 6. Qxd4 d6 7. Be2 Nf6 8. Bg5 ({RR} 8. O-O O-O 9. Bg5 Be6 10. f4 Nc6 11. Qd3 h6 12. Bh4 Re8 13. Rfe1 d5 14. exd5 Bxd5 15. Nxd5 Ne7 16. Nxf6+ gxf6 17. Qxd8 Raxd8 18. Bxf6 Kh7 19. Bd3+ Kg8 20. Bxe7 Rd7 21. Ba3 Rxe1+ 22. Rxe1 a6 {1-0 Salazar Perez,N-Barrera Perez,N 10th Velez Rapid 2023 (2.17)}) 8... h6 9. Bh4 g5 10. Bg3 Nc6 $146 ({RR} 10... Qe7 11. O-O-O Rg8 12. h4 a6 13. hxg5 hxg5 14. Rh6 Ng6 15. Bh5 Be6 16. Bxg6 fxg6 17. Rhh1 Nd7 18. Nd5 Bxd5 19. Qxd5 O-O-O 20. Rhe1 Ne5 21. Re3 Rge8 22. Rb3 Nc6 23. Re1 g4 24. Bf4 Qe6 25. Qg5 {½-½ Novotny,V (2075)-Buchcar,T (2101) Liberec Metalmex op 2010 (8)}) ({RR} 10... Qe7 11. O-O-O Nc6 12. Bb5 Bd7 13. Bxc6 Bxc6 14. e5 dxe5 15. Bxe5 Nd7 16. Bxh8 O-O-O 17. Rhe1 Qf8 18. Bf6 Nxf6 19. Qxf6 Rxd1+ 20. Rxd1 Bxg2 21. Qf5+ Kb8 22. f3 Qe8 23. Qe5 Qf8 24. Rd7 Qc8 25. Qe7 {1-0 Ankerst,M (2105)-Zupanc,M (1692) SLO-chT1 (Women) 2006 (1)}) 11. Bb5 Bd7 12. Bxc6 Bxc6 13. e5 dxe5 14. Qxe5+ Qe7 15. O-O Rf8 16. Rfe1 Qxe5 17. Bxe5 O-O-O 18. Bxf6 Rd2 19. Re2 Rxe2 20. Nxe2 g4 21. Nd4 Bd7 22. Bg7 Re8 23. Bxh6 c5 24. Nb3 b6 25. Be3 Bb5 26. a4 Bc4 27. a5 Rd8 28. axb6 axb6 29. Ra8+ Kd7 30. Rxd8+ Kxd8 31. Nd2 Bd5 32. f3 f5 33. fxg4 fxg4 34. Kf2 Ke7 35. Kg3 Be6 36. Ne4 Bf5 37. Kf4 Ke6 38. c3 Bg6 39. b4 cxb4 40. cxb4 Kd5 41. Nf6+ Kc6 42. Kxg4 b5 43. h4 Kd6 44. h5 Bd3 45. h6 Ke7 46. h7 Bxh7 47. Nxh7 Kf7 48. Kf5 Kg7 49. Nf6 Kf7 50. g4 Kg7 51. g5 Kf7 52. g6+ Kg7 53. Ne8+ Kf8 54. Nd6 Kg7 55. Bd4+ Kg8 56. Kf6 Kf8 57. Nf5 Kg8 58. Nh6+ 1-0

[Event "Olympiad Women 2024"]
[Site "Budapest HUN"]
[Date "2024.09.14"]
[Round "4.41"]
[Board "4"]
[White "Portelli, Martina"]
[Black "Tec Rodas, Sofia Isavelina"]
[Result "0-1"]
[WhiteElo "1523"]
[BlackElo "1800"]
[PlyCount "104"]
[EventDate "2024.09.11"]
[WhiteTeam "Malta"]
[BlackTeam "Mexico"]
[WhiteTeamCountry "MLT"]
[BlackTeamCountry "MEX"]

1. e4 e5 2. Nf3 Nc6 3. Bc4 Nf6 4. d3 h6 5. c3 d6 6. O-O g5 7. Re1 Bg7 8. Nbd2 g4 9. Nh4 Nxe4 10. dxe4 Qxh4 11. Nf1 Bd7 $146 ({RR} 11... O-O 12. Ng3 Be6 13. Nf5 Bxf5 14. exf5 h5 15. Bd5 Qf6 16. h3 Qxf5 17. hxg4 hxg4 18. Re4 Ne7 19. Rxg4 Nxd5 20. Bh6 Kh7 21. Bxg7 Rg8 22. Rh4+ Kxg7 23. Qxd5 Kf6 24. Re1 Rg5 25. Re3 Qg6 26. Rf3+ {1-0 Morales Carlos (2106)-Khodjimatov,S (2109) Titled Tue 22nd Aug Late 2023 (2)}) ({RR} 11... Be6 12. Qb3 Bxc4 13. Qxc4 O-O-O 14. b4 Rd7 15. Ne3 h5 16. a4 Bh6 17. Nf5 Qf6 18. Bxh6 Rxh6 19. Nxh6 Qxh6 20. a5 Nd8 21. a6 b6 22. b5 Qe6 23. Qd3 d5 24. exd5 Rxd5 25. Qh7 Qg6 26. Qh8 {1-0 Gosh,C (2026)-Garcia Almaguer,J (2126) Titled Tue 2nd Jan Early 2024 (9)}) ({RR} 11... f5 12. exf5 Bxf5 13. Ne3 Bd7 14. Nd5 O-O-O 15. Be3 g3 {0-1 Salem,A (2682)-Shirov,A (2647) Titled Tuesday intern op 25th Aug blitz 2020 (6)}) 12. Ng3 O-O 13. Bb5 h5 14. Nf5 Qf6 15. Nxg7 Qxg7 16. Be3 a6 17. Bf1 Ne7 18. Qd2 Kh7 19. c4 Bc6 20. Bd3 Ng6 21. g3 Rae8 22. Rf1 Qf6 23. f4 exf4 24. Rxf4 Nxf4 25. e5+ Nxd3 26. exf6 Ne5 27. Qf2 Nf3+ 28. Kf1 Re6 29. Bd4 Rfe8 30. Bc3 Re2 31. Qxe2 Rxe2 32. Kxe2 Nxh2 33. Kf2 Nf3 34. Rd1 Kg6 35. Rd3 Be4 36. Re3 Kf5 37. b3 h4 38. gxh4 Kf4 39. Rxe4+ Kxe4 40. Kg3 Kf5 41. h5 Ng5 42. h6 Ne4+ 43. Kh4 Kg6 44. Be1 g3 45. Bxg3 Nxg3 46. Kxg3 Kxh6 47. Kf4 Kg6 48. Kg4 Kxf6 49. Kf4 c6 50. a4 d5 51. cxd5 cxd5 52. Ke3 Ke5 0-1

[Event "Olympiad Women 2024"]
[Site "Budapest HUN"]
[Date "2024.09.14"]
[Round "4.42"]
[Board "1"]
[White "Bwalya Mulwale, Lubuuto"]
[Black "Castillo Beitia, Ashley Alexandra"]
[Result "1-0"]
[WhiteElo "1852"]
[BlackElo "2071"]
[PlyCount "85"]
[EventDate "2024.09.11"]
[WhiteTeam "Zambia"]
[BlackTeam "Panama"]
[WhiteTeamCountry "ZAM"]
[BlackTeamCountry "PAN"]

1. d4 d5 2. c4 c6 3. Nc3 Nf6 4. e3 a6 5. Nf3 b5 6. c5 Bg4 7. Be2 ({RR} 7. Qb3 Nbd7 8. Be2 g6 9. a4 Bg7 10. Qa3 O-O 11. Ne5 Bxe2 12. Nxc6 Qc7 13. Nxe7+ Kh8 14. Nxe2 b4 15. Qb3 Nxc5 16. dxc5 Qxe7 17. Qxb4 Rfb8 18. Qa3 Ne4 19. c6 Qc7 20. O-O Qxc6 21. Qd3 Rb7 {1-0 Shipov,S (2588)-Volkov,S (2628) RUS Cup Qualifier 4 blitz 2004 (12)}) 7... Nbd7 8. Qc2 ({RR} 8. O-O g6 9. Ne5 Bxe2 10. Qxe2 Nxe5 11. dxe5 Nd7 12. e6 fxe6 13. Qg4 Kf7 14. e4 d4 15. Ne2 Bg7 16. Nf4 Nxc5 17. b4 e5 18. Nh3 Ne6 19. f4 Qd7 20. f5 gxf5 21. exf5 Nc7 22. Ng5+ Kg8 {1-0 Deveci,H (2250)-Ozkan,E (2147) Titled Tue 13th Feb Early 2024 (5)}) 8... Qc7 9. Bd2 a5 $146 ({RR} 9... e5 10. Nxe5 Nxe5 11. dxe5 Qxe5 12. O-O Bf5 13. Qc1 Be7 14. b4 O-O 15. a4 Bg4 16. Bd3 Qh5 17. Qc2 Nd7 18. f3 Be6 19. Ne2 Bf6 20. Bc3 Ne5 21. Nd4 Qh6 22. Bd2 Nxd3 23. Qxd3 Qg6 24. Qxg6 {½-½ Irving,L-Mona,K (2101) Africa-ch U16 Girls 2009 (2)}) 10. a3 e6 11. O-O Be7 12. e4 dxe4 13. Nxe4 Nd5 14. Bg5 N7f6 15. Bxf6 Nxf6 16. Ng3 O-O 17. h3 Bxf3 18. Bxf3 Rad8 19. Rad1 Rd7 20. Rd2 Rfd8 21. Rfd1 Nd5 22. Ne4 Nf4 23. Kf1 Nd5 24. g3 g6 25. Bg2 Rc8 26. Rd3 Qd8 27. Qd2 b4 28. Qe1 bxa3 29. bxa3 Rb8 30. Nd2 Nc7 31. Nc4 Nb5 32. Nxa5 Na7 33. Bxc6 Rc7 34. d5 Bxc5 35. dxe6 Qf6 36. exf7+ Kg7 37. Rf3 Qb2 38. Nc4 Qc2 39. Qe5+ Kh6 40. Qf4+ Kg7 41. Qxc7 Qxd1+ 42. Kg2 Rf8 43. Qe5+ 1-0

[Event "Olympiad Women 2024"]
[Site "Budapest HUN"]
[Date "2024.09.14"]
[Round "4.42"]
[Board "4"]
[White "Carrillo Marval, Maria Angelica"]
[Black "Mwale, Naomi"]
[Result "1-0"]
[WhiteElo "1795"]
[BlackElo "1767"]
[PlyCount "35"]
[EventDate "2024.09.11"]
[WhiteTeam "Panama"]
[BlackTeam "Zambia"]
[WhiteTeamCountry "PAN"]
[BlackTeamCountry "ZAM"]

1. e4 e5 2. Nf3 Nc6 3. Bc4 Bc5 4. c3 Nf6 5. d3 h6 6. O-O O-O 7. d4 exd4 8. cxd4 Bb6 9. e5 Nh7 10. d5 Ne7 11. d6 ({RR} 11. Nc3 d6 12. e6 fxe6 13. dxe6 Kh8 14. Re1 c6 15. Be3 d5 16. Bxb6 axb6 17. Bb3 Qd6 18. Nd4 Rf6 19. Na4 Ra6 20. Qe2 Rxa4 21. Bxa4 Qb4 22. Bc2 Qxd4 23. Qd3 Qxd3 24. Bxd3 Ng5 25. Re2 Kg8 {0-1 Paksoy,B-Gun,E ch-TUR w 2024 (7.24)}) 11... Nc6 12. Nc3 Ng5 $146 ({RR} 12... Re8 13. Bf4 Nf8 14. Qd2 Ng6 15. Rfe1 Bc5 16. Bg3 b6 17. Qd5 Rf8 18. a3 Bb7 19. Qd3 a5 20. Qxg6 {1-0 Lazaridis Elmaloglou,L (1831)-Dimitriadis,C (1141) GRE-chT Online Rapid op 1st 2021 (1.18)}) ({RR} 12... cxd6 13. exd6 Nf6 14. a3 a5 15. Qd3 Re8 16. Bxh6 gxh6 17. Qg6+ Kh8 18. Qxh6+ Kg8 19. Bxf7+ Kxf7 20. Ng5+ Kg8 21. Qg6+ Kh8 22. Nf7# {1-0 Fernandes de Sousa,J (2073)-Maraz,R (1622) Sao Paulo Hebraica op 24th 2017 (1)}) ({RR} 12... cxd6 13. exd6 a6 14. Nd5 Ba7 15. Re1 Nf6 16. Ne7+ Kh8 17. Bf4 b5 18. Bb3 Bb7 19. Qd2 Qa5 20. Bxh6 Qxd2 21. Bxd2 Ng4 22. Re2 Nd4 23. Nxd4 Bxd4 24. Bc3 Bc5 25. Rd1 b4 26. Bxb4 Bxb4 27. Rd4 {1-0 Platon,C (1400)-Ruohonen,T (1400) IBCA-ol blind 13th 2008 (4.4)}) 13. Nxg5 hxg5 14. Qh5 Nxe5 15. Bxg5 Qe8 16. Nd5 cxd6 17. Nf6+ gxf6 18. Bxf6 1-0

[Event "Olympiad Women 2024"]
[Site "Budapest HUN"]
[Date "2024.09.14"]
[Round "4.43"]
[Board "1"]
[White "Georgina Sackie"]
[Black "February, Jesse Nikki"]
[Result "0-1"]
[WhiteElo "1688"]
[BlackElo "2013"]
[PlyCount "60"]
[EventDate "2024.09.11"]
[WhiteTeam "Liberia"]
[BlackTeam "South Africa"]
[WhiteTeamCountry "LBR"]
[BlackTeamCountry "RSA"]

1. c4 e6 2. g3 d5 3. Bg2 Nf6 4. d3 dxc4 5. Qa4+ Bd7 6. Qxc4 Bc6 7. Nf3 Nbd7 ({RR} 7... Bd5 8. Qa4+ Qd7 9. Qxd7+ Nbxd7 10. e4 Bc6 11. Nc3 O-O-O 12. Ke2 h6 13. Be3 e5 14. Bh3 Kb8 15. a3 a5 16. Nd2 Bc5 17. Nc4 Bxe3 18. fxe3 b6 19. b4 axb4 20. axb4 Rhe8 21. Ra3 h5 22. Rha1 {1-0 Chernyshov,K (2556)-Rudolf,A (2279) Cappelle op 23rd 2007 (3)}) 8. O-O Be7 9. b4 $146 ({RR} 9. Nbd2 Nc5 10. b3 Qd5 11. Bb2 Qh5 12. Rac1 Ncd7 13. Rfe1 Rd8 14. h3 g5 15. g4 Qg6 16. e4 Rg8 17. Nd4 Ne5 18. Qc2 h5 19. Nxc6 Nxc6 20. e5 Nd5 21. a3 hxg4 22. hxg4 Rh8 23. Bxd5 Rxd5 {0-1 Mella,A-Norve,S NOR-chT east 1992 (5)}) ({RR} 9. Bd2 O-O 10. Nc3 Bxf3 11. Bxf3 Ne5 12. Qf4 Bd6 13. Qe3 Nfg4 14. Bxg4 Nxg4 15. Qe4 Ne5 16. Qxb7 Rb8 17. Qxa7 Rxb2 18. Rfd1 Bb4 19. Ne4 c5 20. Bxb4 cxb4 21. Rd2 Rxd2 22. Nxd2 Qd5 23. Nb3 Rc8 {1-0 Muehlbauer,W (1684)-Fink,M (1895) Regionalliga NO 9900 1999 (8.8)}) 9... Nb6 10. Qb3 a6 11. Nc3 Nfd5 12. b5 axb5 13. Nxb5 O-O 14. Nbd4 Ba4 15. Qb2 c5 16. Nb3 Bf6 17. Ne5 c4 18. e4 Nb4 19. Nc5 Nxd3 20. Ncxd3 cxd3 21. f4 Nc4 22. Qc3 d2 23. Qxc4 d1=Q 24. Rxd1 Qxd1+ 25. Kf2 Bxe5 26. fxe5 Rfc8 27. Qf1 Rc2+ 28. Ke3 Rc3+ 29. Kf2 Qd4+ 30. Ke1 Rd3 0-1

[Event "Olympiad Women 2024"]
[Site "Budapest HUN"]
[Date "2024.09.14"]
[Round "4.43"]
[Board "2"]
[White "Badenhorst, Chloe"]
[Black "Meleh M. Davis"]
[Result "1-0"]
[WhiteElo "1981"]
[BlackElo "1602"]
[PlyCount "141"]
[EventDate "2024.09.11"]
[WhiteTeam "South Africa"]
[BlackTeam "Liberia"]
[WhiteTeamCountry "RSA"]
[BlackTeamCountry "LBR"]

1. e4 d6 2. d4 Nf6 3. Nc3 c6 4. Nf3 Bg4 5. h3 Bh5 6. Bd3 Nbd7 ({RR} 6... Qc7 7. g4 Bg6 8. e5 Bxd3 9. Qxd3 dxe5 10. dxe5 Nfd7 11. e6 Ne5 12. exf7+ Nxf7 13. Be3 g6 14. Nd4 Qd7 15. O-O-O Bg7 16. Qc4 Nd6 17. Qb3 Bxd4 18. Bxd4 Rf8 19. Rhe1 Na6 20. Kb1 Nc7 21. Be5 {1-0 Andreikin,D (2724)-Hess,R (2591) Titled Tuesday intern op 22nd June blitz 2021 (6)}) 7. Be3 ({RR} 7. g4 Bg6 8. e5 Bxd3 9. Qxd3 dxe5 10. dxe5 Nd5 11. Nxd5 Nc5 12. Nf6+ exf6 13. Qxd8+ Rxd8 14. exf6 gxf6 15. Be3 b6 16. Nd4 Kd7 17. Nf5 Ne6 18. Bd2 Bd6 19. O-O-O Kc7 20. Nxd6 Rxd6 21. Bc3 Rxd1+ {1-0 Berg,O (2199)-Hojgaard,S (1969) FAI-chT 2122 2021 (3.2)}) 7... e6 $146 ({RR} 7... e5 8. g4 Bg6 9. Qe2 Qc7 10. Nh4 exd4 11. Nxg6 hxg6 12. Bxd4 O-O-O 13. O-O-O Ne5 14. f4 Nxd3+ 15. Qxd3 Be7 16. e5 dxe5 17. fxe5 Ne8 18. Qf3 Bg5+ 19. Kb1 Qe7 20. Rhe1 a6 21. Ne4 Bh4 22. Rf1 {½-½ Brunelli,G (1978)-Quagliarella,S Milan Crespi op 25th 2004 (6)}) ({RR} 7... e5 8. Qd2 Qa5 9. g4 Bg6 10. Nh4 O-O-O 11. a3 Be7 12. g5 Ne8 13. b4 Qc7 14. d5 h6 15. Nxg6 fxg6 16. gxh6 gxh6 17. Bxh6 Ndf6 18. Be3 Kb8 19. Rb1 Ng4 20. dxc6 bxc6 21. b5 c5 22. b6 {1-0 Jenni,F (2215)-Berchtold,G (2060) Zuerich op-A 20th 1996 (3)}) ({RR} 7... e5 8. g4 Bg6 9. Qe2 Be7 10. O-O-O b5 11. dxe5 dxe5 12. g5 Nh5 13. Bxb5 Qc7 14. Nd5 cxd5 15. Rxd5 O-O-O 16. Bxd7+ Rxd7 17. Rxd7 Qxd7 18. Rd1 Qa4 19. Nxe5 Rd8 20. f3 Rxd1+ 21. Qxd1 f6 22. Nxg6 {½-½ Schulenburg,B (2141)-Mueller,E (2125) Verbandsliga Nordbaden 1819 2018 (4.6)}) 8. Qe2 Be7 9. a3 Qb6 10. Rb1 Qa5 11. g4 Bg6 12. Nd2 O-O 13. f4 h6 14. h4 h5 15. g5 Ng4 16. Nc4 Qd8 17. e5 d5 18. Nd2 c5 19. Nf3 c4 20. Bxg6 fxg6 21. Nh2 Nxh2 22. Qxh2 Rb8 23. Qh3 Rf5 24. Ne2 Nf8 25. Ng3 Rf7 26. O-O b5 27. Bd2 a5 28. Rf3 b4 29. axb4 axb4 30. Rbf1 Qc8 31. Qg2 Ra8 32. Re3 Qc6 33. Qe2 Ra6 34. Bc1 Kh7 35. Qg2 Kg8 36. Qe2 Kh7 37. Qg2 Kg8 38. Qf3 Kh7 39. Qf2 Kg8 40. Qd2 Ra1 41. Qe2 Ra6 42. Qf3 Bd8 43. Bd2 Bb6 44. Ne2 Ra2 45. Bxb4 Rxb2 46. c3 Ra2 47. Ng3 Ra8 48. Qe2 Re8 49. Qc2 Bc7 50. Bxf8 Rexf8 51. Qxg6 Qe8 52. Nxh5 Kh8 53. Ref3 Re7 54. Qxe8 Rexe8 55. Ng3 g6 56. h5 Kg7 57. hxg6 Kxg6 58. Kg2 Rf7 59. Rh1 Rh7 60. Rxh7 Kxh7 61. Ne2 Kg6 62. Rh3 Re7 63. Rh6+ Kg7 64. Kf3 Re8 65. Kg4 Bd8 66. Kh5 Rh8 67. Rxh8 Kxh8 68. Kg6 Kg8 69. f5 exf5 70. Kxf5 Kf7 71. Nf4 1-0

[Event "Olympiad Women 2024"]
[Site "Budapest HUN"]
[Date "2024.09.14"]
[Round "4.43"]
[Board "3"]
[White "Abigail Karyah"]
[Black "Klaasen, Robyn Julian"]
[Result "1-0"]
[WhiteElo "1790"]
[BlackElo "1764"]
[PlyCount "115"]
[EventDate "2024.09.11"]
[WhiteTeam "Liberia"]
[BlackTeam "South Africa"]
[WhiteTeamCountry "LBR"]
[BlackTeamCountry "RSA"]

1. d4 d5 2. c4 e6 3. Nc3 Nf6 4. cxd5 Nxd5 5. e4 Nxc3 6. bxc3 c5 7. Nf3 cxd4 8. cxd4 Bb4+ 9. Bd2 Bxd2+ 10. Qxd2 O-O 11. Bc4 Nd7 12. O-O Qf6 $146 ({RR} 12... b6 13. d5 Nc5 14. Rad1 Bb7 15. Rfe1 exd5 16. exd5 Qd6 17. Nd4 a6 18. Qg5 Qg6 19. Qe5 Rad8 20. Nf5 Kh8 21. a3 f6 22. Qf4 Qg5 23. Qf3 Bc8 24. Ne3 Rd6 25. Ba2 b5 26. Rd2 Rfd8 27. Rc1 {0-1 Ahues,C-Potucek,L Trentschin Teplitz 1941 (5)}) ({RR} 12... b6 13. Qe3 Bb7 14. e5 Qe7 15. Ng5 Rfc8 16. Bd3 Nf8 17. Ne4 Bxe4 18. Bxe4 Rab8 19. f4 g6 20. Kh1 Qb4 21. Rac1 Rxc1 22. Rxc1 Rd8 23. Rd1 Qc4 24. a3 h5 25. h3 h4 26. Kh2 Rd7 27. Bf3 {1-0 Aronian,L (2815)-Ivanchuk,V (2766) Beijing Sportaccord blitz 2012 (11)}) ({RR} 12... b6 13. d5 Nf6 14. dxe6 Bxe6 15. Bxe6 Qxd2 16. Bxf7+ Rxf7 17. Nxd2 Rd8 18. e5 Rxd2 19. exf6 Rxf6 20. a4 a5 21. Rac1 h5 22. g3 h4 23. gxh4 Rd4 24. Rfe1 Rxa4 25. Re8+ Kh7 26. Rcc8 Rg4+ 27. Kf1 {0-1 Danielian,V (2230)-Dubreuil,J (2096) Titled Tue 30th Jul Late 2024 (2)}) ({RR} 12... b6 13. Qf4 Bb7 14. Rfe1 Rc8 15. Bb3 Qc7 16. Ne5 Qd6 17. Ng6 Qxf4 18. Nxf4 Rfd8 19. Rad1 b5 20. Nxe6 fxe6 21. Bxe6+ Kf8 22. d5 Rc2 23. e5 g6 24. Re3 Nc5 25. Rf3+ Kg7 26. Rf7+ Kh6 27. h4 {0-1 Milan,M-Foltys,J Trentschin Teplitz 1941 (9)}) ({RR} 12... b6) 13. Rfd1 Nb6 14. Bb3 Rd8 15. Qe2 h6 16. Rac1 Qe7 17. Ne5 Qe8 18. Rc7 Bd7 19. Rxb7 Kh7 20. Qf3 f6 21. Nxd7 Rxd7 22. Rxd7 Qxd7 23. d5 e5 24. Rc1 Rc8 25. Qd1 Qd6 26. h3 Rd8 27. Qd2 Nc8 28. Qa5 Qb6 29. Qxb6 Nxb6 30. Rc7 Nc8 31. Kf1 h5 32. Ke2 Kg8 33. Kd3 Kf8 34. f3 g5 35. Rh7 h4 36. Kc4 Nd6+ 37. Kc5 Nf7 38. d6 Rc8+ 39. Kd5 Kg8 40. d7 Rd8 41. Kc6 Kxh7 42. Bxf7 Kg7 43. Kc7 Rxd7+ 44. Kxd7 Kxf7 45. Kd6 Kg6 46. Ke6 Kg7 47. Ke7 Kg6 48. Kf8 a5 49. a4 f5 50. Ke7 g4 51. Ke6 fxe4 52. fxe4 Kg5 53. Kxe5 g3 54. Kd4 Kf6 55. Kd5 Ke7 56. Ke5 Ke8 57. Ke6 Kd8 58. Kf7 1-0

[Event "Olympiad Women 2024"]
[Site "Budapest HUN"]
[Date "2024.09.14"]
[Round "4.43"]
[Board "4"]
[White "Strong, Davida"]
[Black "Princess K. Banney"]
[Result "1-0"]
[WhiteElo "1733"]
[BlackElo "1447"]
[PlyCount "49"]
[EventDate "2024.09.11"]
[WhiteTeam "South Africa"]
[BlackTeam "Liberia"]
[WhiteTeamCountry "RSA"]
[BlackTeamCountry "LBR"]

1. d4 d5 2. c4 c6 3. e3 Nf6 4. Nc3 Bf5 5. cxd5 cxd5 6. Qb3 Qd7 7. Bb5 Nc6 8. Nf3 e6 9. Ne5 Qc7 10. Qa4 Rc8 11. Qxa7 Bd6 12. Bxc6+ ({RR} 12. Nxc6 bxc6 13. Qxc7 Rxc7 14. Ba4 Ke7 15. Bd2 Rb8 16. Bb3 Bd3 17. f3 c5 18. dxc5 Bxc5 19. Kf2 Bc4 20. Bxc4 Rxb2 21. Ke2 Bb4 22. Rab1 Rxd2+ 23. Kxd2 Rxc4 24. Rhc1 d4 25. exd4 Nd5 26. Rxb4 Rxb4 {½-½ Kravchenko,L (2015)-Dovgaliuk,O (2034) Artem Sachuk Mem 2024 (9.5)}) 12... bxc6 13. Qxc7 Rxc7 14. a3 $146 ({RR} 14. O-O c5 15. Nb5 Rd7 16. Nxd7 Kxd7 17. Nxd6 Kxd6 18. dxc5+ Kxc5 19. a3 Ne4 20. f3 Nd6 21. Bd2 Nc4 22. b4+ Kb6 23. Rf2 Ra8 24. a4 f6 25. Bc3 e5 26. f4 e4 27. Bd4+ Kb7 28. h3 Bd7 {1-0 Schindel,M (1621)-Liebler,J (1711) Unterfranken-ch HA 56th 2005 (6)}) ({RR} 14. f4 Ne4 15. g4 Nxc3 16. gxf5 Ne4 17. fxe6 fxe6 18. Bd2 Bxe5 19. fxe5 O-O 20. Ba5 Rb7 21. b4 Rf3 22. O-O-O Rxe3 23. Rhe1 Ra3 24. Re2 Nc3 25. Re3 Nxa2+ 26. Kd2 Rxe3 27. Kxe3 Nxb4 28. Rc1 Kf7 {0-1 Lee,R (1615)-Gantsogt,B Asia Cup U14 2019 (5.3)}) 14... c5 15. Nb5 Ke7 16. Nxc7 Bxc7 17. Bd2 cxd4 18. Bb4+ Ke8 19. exd4 Bxe5 20. dxe5 Nd7 21. Rc1 Nb6 22. Rc6 Kd7 23. Rd6+ Kc7 24. Ba5 Rb8 25. Ke2 1-0

[Event "Olympiad Women 2024"]
[Site "Budapest HUN"]
[Date "2024.09.14"]
[Round "4.44"]
[Board "1"]
[White "Martynkova, Olena"]
[Black "Feng, Eunice"]
[Result "0-1"]
[WhiteElo "2176"]
[BlackElo "1974"]
[PlyCount "106"]
[EventDate "2024.09.11"]
[WhiteTeam "Lithuania"]
[BlackTeam "Hong Kong, China"]
[WhiteTeamCountry "LTU"]

1. d4 d5 2. Nf3 Nf6 3. c4 c6 4. Nc3 dxc4 5. a4 Bf5 6. e3 e6 7. Bxc4 Bb4 8. O-O Nbd7 9. Qe2 Bg6 10. Rd1 O-O 11. Bd3 Bxd3 12. Qxd3 Qe7 13. Na2 ({RR} 13. Ne4 c5 14. Bd2 Nxe4 15. Qxe4 Nf6 16. Qd3 cxd4 17. Nxd4 Bxd2 18. Rxd2 Rfd8 19. Rad1 Qb4 20. Qb5 Qxb5 21. Nxb5 Rxd2 22. Rxd2 Kf8 23. Kf1 Ke7 24. Rc2 a6 25. Nd4 Rd8 26. Ke2 Nd5 27. h4 h5 {½-½ Radjabov,T (2747)-Goryachkina,A (2576) Crocus City Stars Rapid 2023 (9.5)}) ({RR} 13. a5 e5 14. Qc4 Bd6 15. b3 Rac8 16. h3 Rfe8 17. Bb2 a6 18. Na4 e4 19. Nd2 Nd5 20. Qe2 f5 21. Nc4 Bb4 22. Rdc1 f4 23. Nc3 N7f6 24. Nxd5 Nxd5 25. Ne5 fxe3 26. fxe3 Qg5 27. Rf1 Qxe3+ {1-0 Stalmach,R (2431)-Molina,R (2378) Titled Tue 3rd Sep Early 2024 (10)}) 13... Bd6 14. a5 $146 ({RR} 14. e4 e5 15. Bg5 Rfd8 16. Nc3 exd4 17. Nxd4 Bxh2+ 18. Kh1 Be5 19. Nf5 Qe6 20. Kg1 Re8 21. f4 Nc5 22. Qh3 Bxc3 23. Rd6 Bd4+ 24. Rxd4 Ncxe4 25. Rad1 Nd5 26. Bh4 Nd6 27. Nxd6 Qxd6 28. Bf2 Re6 {0-1 Vlahos,G (2155)-Frendzas,P (2340) Heraklion ESSNA op 1998 (7)}) ({RR} 14. e4 e5 15. Nc3 Rad8 16. d5 Bb4 17. Bg5 Bxc3 18. Qxc3 cxd5 19. exd5 e4 20. Nd4 Qe5 21. Bxf6 Nxf6 22. Nb5 Qh5 23. d6 a6 24. Nc7 Rd7 25. b4 Rfd8 26. Qc5 Qg6 27. b5 h5 28. h3 h4 {0-1 Manion,J (2335)-Morovic Fernandez,I (2575) New York op Newark 1995 (8)}) ({RR} 14. b4 e5 15. dxe5 Nxe5 16. Nxe5 Qxe5 17. Bb2 Qxh2+ 18. Kf1 Be7 19. Ke2 Rad8 20. Bd4 Qh5+ 21. f3 c5 22. bxc5 Bxc5 23. Rh1 Qg5 24. Kf2 Bxd4 25. exd4 Qf4 26. Rad1 Ng4+ 27. Kg1 Qe3+ 28. Qxe3 Nxe3 {0-1 Tareq,H (2171)-Labib,I (2405) Dubai op 1999 (8)}) 14... Rfd8 15. Qe2 e5 16. dxe5 Nxe5 17. a6 Nxf3+ 18. Qxf3 bxa6 19. Nc3 Qb7 20. g3 Be5 21. Qe2 c5 22. f3 c4 23. e4 Rxd1+ 24. Nxd1 Rd8 25. Ne3 Qb5 26. Kg2 Rd3 27. Qc2 c3 28. b3 Rd7 29. Nc4 Bd4 30. Bf4 h6 31. Rd1 Qc5 32. Bd6 Rxd6 33. Nxd6 Qxd6 34. Qxc3 Qxg3+ 35. hxg3 Bxc3 36. Rd8+ Kh7 37. Rd6 a5 38. Kf2 Bb4 39. Rd8 Bc5+ 40. Ke2 Nh5 41. g4 Nf4+ 42. Kd2 g6 43. Rc8 Bb6 44. e5 Ne6 45. Kc3 Bd4+ 46. Kc4 Bxe5 47. Kd5 Bf4 48. Ke4 h5 49. gxh5 gxh5 50. Kf5 h4 51. Kg4 Bg3 52. Ra8 Kg6 53. Rxa7 f5+ 0-1